| 000 | 00000nam##2200000za#4500 |
| 001 | 9.568333 |
| 003 | CaOODSP |
| 005 | 20240215150447 |
| 007 | cr ||||||||||| |
| 008 | 150406|2001||||xxc|||||o f|0| 0 eng|d |
| 040 | |aCaOODSP|beng |
| 043 | |an-cn--- |
| 086 | 1 |aPS83-3/109E-PDF |
| 110 | 2 |aCorrectional Service Canada. |
| 245 | 10|aRelevance of a cultural adaptation for Aboriginals of the Reintegration Potential Reassessment Scale (RPRS) : |h[electronic resource]|bpreliminary study / |c[by] Raymond Sioui and Jacques Thibault. |
| 260 | |bCorrectional Service Canada |cSeptember 2001. |
| 300 | |a62p.|bgraphs, references, tables |
| 490 | 1 |aResearch report|v[R-109] |
| 590 | |a10-14-Supp|b2010-12-03 |
| 710 | 2 |aAmiskou Groupe Conseil. |
| 720 | 1 |aSioui, Raymond |
| 720 | 1 |aThibault, Jacques |
| 775 | 08|tPertinence d'une adaptation culturelle de l'Échelle de réévaluation du potentiel de réinsertion sociale (ERPRS) pour les Autochtones : |w(CaOODSP)9.599624 |
| 830 | #0|aResearch report (Correctional Service Canada. Research Branch)|v[R-109]|w(CaOODSP)9.506063 |
| 856 | 40|ahttp://publications.gc.ca|qPDF|s233 KB|uhttps://publications.gc.ca/collections/collection_2010/scc-csc/PS83-3-109-eng.pdf|y[R-109] |